Svazijsko krajina na juhu Afriky

Bibliographic Details
Main Authors: Cílková, Marcela (Author), Cílek, Václav G., 1929-2021 (Author)
Format: Article
Language:Slovak
Subjects:

MARC

LEADER 00000nab a2200000 a 4500
001 vtls000120110
003 SK-MaSNL
005 20260305000851.0
008 151013c1982 xo 0 slo
015 |a SNBRB19rr/mm-uuuuu 
035 |a CL0130215 
040 |a SNKBUCL  |b slo  |c SNKBUCL  |e AACR2 
041 0 |a slo 
044 |a xo  |c SK 
080 |a 908  |2 1981 
100 1 |a Cílková, Marcela  |4 aut  |9 1169056 
245 1 0 |a Svazijsko krajina na juhu Afriky  |c Marcela Cílková, Václav Cílek 
300 |b Obr. 11. 
651 7 |a Svazijsko  |2 snkbucl  |9 49315 
655 7 |a články z novín a časopisov  |2 snkbucl  |9 267496 
700 1 |a Cílek, Václav G.,  |d 1929-2021  |4 aut  |9 261514 
773 0 |t Život  |g Roč. 32, č. 13 (1982), s. 14-17 
850 |a Slovenská národná knižnica v Martine  |a MTA001 
852 |a SNK  |b KIS3GCP 
958 |a RK 
992 |a RBX 
999 |c 3215921  |d 3217851